00363nam a2200145Ia 450000500170000000800460001703700120006304000200007504100130009508400170010810000180012524500190014326000470016230000080020920250508152155.0008 250505s9999 xx 000 0 hin d aTextual aFEDLbengcFEDL ahin2eng aB, TILqFEDL aSharma Sriram 0aLokmanya Tilak aNew Delhi, IndiabAtma Ram and Sons c1954 a86p